000 00656nam a2200217Ia 4500
003 OSt
005 20220925203330.0
006 a|||||r|||| 00| 0
007 ta
008 220923b |||||||| |||| 00| 0 eng d
037 _cGeneral Book
040 _aRTL
_cRTL
_beng
041 _2eng
_aeng
082 _aXxL23:g, M6
100 _aTeichgraeber Richard F
_9265632
245 0 _a'Free trade' and moral philosophy
_b Rethinking the sources of Adam Smith's
260 _aDurham
_bDuke University Press
_c1986
300 _axviii;211p
_ccm.
942 _hXxL23:g, M6
_cGB
_2CC
999 _c545999
_d545999